|
|
|
|
| LEADER |
03144nam a2200649 4500 |
| 001 |
ocn891718867 |
| 003 |
OCoLC |
| 005 |
20170124070239.3 |
| 006 |
m o d |
| 007 |
cr ||||||||||| |
| 008 |
140929t20152015nju ob 001 0 eng |
| 010 |
|
|
|a 2014038843
|
| 040 |
|
|
|a DLC
|b eng
|e rda
|e pn
|c DLC
|d N$T
|d UKMGB
|d CDX
|d DG1
|d TXM
|d OCLCF
|d RECBK
|d E7B
|d YDXCP
|d OCLCQ
|d DEBBG
|d GrThAP
|
| 016 |
7 |
|
|a 016955931
|2 Uk
|
| 019 |
|
|
|a 899007639
|
| 020 |
|
|
|a 9781118698327
|q (ePub)
|
| 020 |
|
|
|a 1118698320
|q (ePub)
|
| 020 |
|
|
|a 9781118698341
|q (Adobe PDF)
|
| 020 |
|
|
|a 1118698347
|q (Adobe PDF)
|
| 020 |
|
|
|a 9781118698334
|
| 020 |
|
|
|a 1118698339
|
| 020 |
|
|
|z 9781118456088
|q (cloth)
|
| 029 |
1 |
|
|a GBVCP
|b 856571296
|
| 029 |
1 |
|
|a DEBBG
|b BV043397176
|
| 035 |
|
|
|a (OCoLC)891718867
|z (OCoLC)899007639
|
| 042 |
|
|
|a pcc
|
| 050 |
0 |
0 |
|a QC244.2
|
| 072 |
|
7 |
|a SCI
|x 001000
|2 bisacsh
|
| 082 |
0 |
0 |
|a 534/.22
|2 23
|
| 049 |
|
|
|a MAIN
|
| 100 |
1 |
|
|a Nazarov, V. E.
|q (Veniamin Evgenʹevich),
|e author.
|
| 245 |
1 |
0 |
|a Nonlinear acoustic waves in micro-inhomogeneous solids /
|c V.E. Nazarov and A.V. Radostin.
|
| 264 |
|
1 |
|a Chichester, West Sussex, UK :
|b Wiley,
|c [2015]
|
| 264 |
|
4 |
|c ©2015
|
| 300 |
|
|
|a 1 online resource.
|
| 336 |
|
|
|a text
|b txt
|2 rdacontent
|
| 337 |
|
|
|a computer
|b c
|2 rdamedia
|
| 338 |
|
|
|a online resource
|b cr
|2 rdacarrier
|
| 504 |
|
|
|a Includes bibliographical references and index.
|
| 505 |
0 |
|
|a Nonlinear wave processes in homogeneous media -- Physical models and mechanisms of the structure nonlinearity of micro-inhomogeneous media with cracks and cavities -- Elastic waves in media with strong acoustic nonlinearity -- Wave processes in micro-inhomogeneous media with hysteretic nonlinearity -- Wave processes in nonlinear micro-inhomogeneous media with relaxation -- Wave processes in the polycrystalline solids with dissipative and elastic nonlinearity caused by dislocations -- Experimental studies of the nonlinear acoustic phenomena in polycrystalline rocks and metals -- Experimental studies of nonlinear acoustic phenomena in granular media -- Nonlinear phenomena in seismic waves.
|
| 588 |
0 |
|
|a Print version record and CIP data provided by publisher.
|
| 650 |
|
0 |
|a Nonlinear acoustics.
|
| 650 |
|
0 |
|a Elastic wave propagation.
|
| 650 |
|
0 |
|a Elastic solids.
|
| 650 |
|
0 |
|a Inhomogeneous materials.
|
| 650 |
|
0 |
|a Microstructure.
|
| 650 |
|
7 |
|a SCIENCE
|x Acoustics & Sound.
|2 bisacsh
|
| 650 |
|
7 |
|a Elastic solids.
|2 fast
|0 (OCoLC)fst00904201
|
| 650 |
|
7 |
|a Elastic wave propagation.
|2 fast
|0 (OCoLC)fst01748628
|
| 650 |
|
7 |
|a Inhomogeneous materials.
|2 fast
|0 (OCoLC)fst00973445
|
| 650 |
|
7 |
|a Microstructure.
|2 fast
|0 (OCoLC)fst01020118
|
| 650 |
|
7 |
|a Nonlinear acoustics.
|2 fast
|0 (OCoLC)fst01038781
|
| 655 |
|
4 |
|a Electronic books.
|
| 700 |
1 |
|
|a Radostin, A. V.
|q (Andreĭ Viktorovich),
|e author.
|
| 776 |
0 |
8 |
|i Print version:
|a Nazarov, V.E. (Veniamin Evgenʹevich), author.
|t Nonlinear acoustic waves in micro-inhomogeneous solids.
|d Hoboken, NJ : John Wiley & Sons Inc., [2015]
|z 9781118456088
|w (DLC) 2014023107
|
| 856 |
4 |
0 |
|u https://doi.org/10.1002/9781118698334
|z Full Text via HEAL-Link
|
| 994 |
|
|
|a 92
|b DG1
|